Statistics for Kings and Queens of England by Picture

Click here to take the quiz!

General Stats

  • This quiz has been taken 174 times
  • The average score is 12 of 16

Answer Stats

Answer% Correct
Victoria
99%
Elizabeth II
95%
Henry VIII
95%
Elizabeth I
91%
Mary I
84%
Charles I
79%
George V
79%
Henry VII
78%
George III
76%
Richard III
67%
William I
67%
Henry V
64%
James II
60%
Edward IV
59%
Henry II
58%
Stephen
25%

Score Distribution

Percentile by Number Answered

Percent of People with Each Score

Your Score History

You have not taken this quiz